000 00324nam a2200133Ia 4500
008 231129s1968||||xx |||||||||||||| ||spa||
040 _bspa
082 _a155.2 A441p
100 _aAllport Gordon W.
245 0 _aLa personalidad: Su configuración y desarrollo
260 _c1968
264 _aHerder
942 _2ddc
_cBKS
999 _c17912
_d17912